000 00648nam a22001937a 4500
942 _cBK
999 _c777
_d777
005 20250420134824.0
008 211117b ||||| |||| 00| 0 eng d
020 _a9780262537223
040 _cKCST
082 _a303.4833
_bSo
245 _a Social capital and information technology /
_cedited by: Marleen Huysman; Volker Wulf
260 _aCambridge, Mass. :
_bMIT Press,
_c ©2004.
300 _a416 p.
650 _aSocial capital (Sociology)
_x Congresses.
_95591
650 _aInformation technology
_vSocial aspects
_xCongresses.
_95592
650 _aInformation networks
_vSocial aspects
_xCongresses.
_95593
942 _2ddc